| 000 | 01175nam a2200349Ia 4500 | ||
|---|---|---|---|
| 001 | dia_1720 | ||
| 003 | CHAP | ||
| 005 | 20251023170034.0 | ||
| 008 | 220117s1994 xx 000 0 und d | ||
| 010 | _a172264 | ||
| 020 | _a84-200-0759-5 | ||
| 040 | _cCHAP | ||
| 082 | _a664.92 C54 1994 | ||
| 245 |
_aCiencia de la carne y de los productos cárnicos / _c edición J. F. Price y B. S. Schweigert ; traducción Juan Luis de la Fuente |
||
| 250 | _a2a ed. | ||
| 260 |
_aZaragoza, España : _b Acribia, _c1994 |
||
| 300 | _ax, 581 p. | ||
| 500 | _aTitulo original: Science of meat and meat products | ||
| 503 | _aI.216546 (ej. 1) \ I.216545 (ej. 2) \ I.213544 (ej. 3) | ||
| 504 | _aIncluye bibliografías | ||
| 590 | _aTX556.M4 C54 1994 | ||
| 650 |
_aCarne _919053 |
||
| 650 |
_aIndustria y comercio de la carne _9138318 |
||
| 650 |
_aMeat industry and trade _9151411 |
||
| 700 |
_aFuente, Juan Luis de la, tr. _9151412 |
||
| 700 |
_aPrice, James F., ed. _9151413 |
||
| 700 |
_aSchweigert, B. S. _9151414 |
||
| 901 | _a664.92 C54 1994 | ||
| 902 | _aM | ||
| 905 | _a5232271994 SP aimn8222223322SPA16 | ||
| 942 |
_cLIBRO _2ddc |
||
| 999 |
_c172264 _d172264 |
||